000 00974nam a2200217 i 4500
001 162082
003 ES-MaACL
005 20250824090221.0
008 940301s1865 sp |||| | spa d
040 _aCAM
_bspa
100 1 _aPicón, José.
_991876
245 1 0 _aPan y toros
_b: zarzuela en tres actos y en verso /
_coriginal de José Picón ; música del maestro Francisco Asenjo Barbieri.
250 _a3ª ed.
260 _aMadrid :
_bCentro General de Administración,
_c1865 (
_fImp. de Cristóbal González)
300 _a120 p. ;
_c18 cm.
594 _aSólo la letra.
594 _aEn port.: representada por primera vez en el teatro de la Zarzuela el 22 de diciembre de 1864.
700 1 _aBarbieri, Francisco A.,
_d1823-1894
_925463
852 _aES-MaACL
_jF-8633(1)
_z- Enc. pasta española
_q- Falto de la cub. original
_z- Enc. en un vol. facticio formando parte de la col. facticia "Teatro español moderno", v. 88
999 _c162082
_d162082